00000000cas 2200000za 4500
0019.862997
003CaOODSP
00520251212084134
007cr |||||||||||
008181010c20169999oncar p o    f0###a0eng|d
040 |aCaOODSP|beng
043 |an-cn---
0861 |aRv1-36E-PDF|zRv47-7/2016E-PDF
24500|aCanada Child Benefit and related provincial and territorial programs |h[electronic resource].
2463 |iIssues 2021/2022 - have title: |aCanada Child Benefit and related federal, provincial and territorial programs
260 |a[Ottawa] : |bCanada Revenue Agency, |c2016-
310 |aAnnual
3621 |aBegan with 2016.
500 |aIssued also in French under title: Allocation canadienne pour enfants et les programmes provinciaux et territoriaux connexes
500 |aCover title.
69207|2gccst|aChild support
69207|2gccst|aGovernment services
7102 |aCanada Revenue Agency.
77508|tAllocation canadienne pour enfants et les programmes provinciaux et territoriaux connexes |w(CaOODSP)9.862998
986 |aT4114(E)